<?xml version="1.0" encoding="UTF-8"?>
<record
    xmlns:xsi="http://www.w3.org/2001/XMLSchema-instance"
    xsi:schemaLocation="http://www.loc.gov/MARC21/slim http://www.loc.gov/standards/marcxml/schema/MARC21slim.xsd"
    xmlns="http://www.loc.gov/MARC21/slim">

  <leader>00598nam a2200181 i 4500</leader>
  <controlfield tag="001">41981</controlfield>
  <controlfield tag="003">ES-MaACL</controlfield>
  <controlfield tag="005">20231222182428.0</controlfield>
  <controlfield tag="007">t|</controlfield>
  <controlfield tag="008">030312s1950    sp           |||| |dspa d</controlfield>
  <datafield tag="100" ind1="1" ind2=" ">
    <subfield code="a">Casas Fern&#xE1;ndez, Manuel.</subfield>
    <subfield code="9">36220</subfield>
  </datafield>
  <datafield tag="245" ind1="1" ind2="0">
    <subfield code="a">Concepci&#xF3;n Arenal y su apostolado </subfield>
    <subfield code="b">: ideal de una justicia humanitaria... / </subfield>
    <subfield code="c">Manuel Casas Fern&#xE1;ndez.</subfield>
  </datafield>
  <datafield tag="260" ind1=" " ind2=" ">
    <subfield code="a">Madrid : </subfield>
    <subfield code="b">Victoriano Su&#xE1;rez, </subfield>
    <subfield code="c">1950 (</subfield>
    <subfield code="e">La Coru&#xF1;a : </subfield>
    <subfield code="f">Imp. Moret)</subfield>
  </datafield>
  <datafield tag="300" ind1=" " ind2=" ">
    <subfield code="a">251 p. ; </subfield>
    <subfield code="c">20 cm.</subfield>
  </datafield>
  <datafield tag="600" ind1="1" ind2="4">
    <subfield code="a">Arenal, Concepci&#xF3;n,</subfield>
    <subfield code="d">1820-1893</subfield>
    <subfield code="9">22591</subfield>
  </datafield>
  <datafield tag="852" ind1=" " ind2=" ">
    <subfield code="a">ES-MaACL</subfield>
    <subfield code="j">D-5472</subfield>
  </datafield>
  <datafield tag="999" ind1=" " ind2=" ">
    <subfield code="c">41981</subfield>
    <subfield code="d">41981</subfield>
  </datafield>
  <datafield tag="952" ind1=" " ind2=" ">
    <subfield code="0">0</subfield>
    <subfield code="1">0</subfield>
    <subfield code="4">0</subfield>
    <subfield code="7">0</subfield>
    <subfield code="a">ATENEOM</subfield>
    <subfield code="b">ATENEOM</subfield>
    <subfield code="c">SVI</subfield>
    <subfield code="d">2008-01-17</subfield>
    <subfield code="e">SC</subfield>
    <subfield code="l">0</subfield>
    <subfield code="o">D-5472</subfield>
    <subfield code="p">901044192</subfield>
    <subfield code="r">2023-02-23 00:00:00</subfield>
    <subfield code="w">2023-02-23</subfield>
    <subfield code="y">MONOGRAFIA</subfield>
  </datafield>
</record>
